Čo znamená globalizácia? Výhody - a dôsledky
Poukázanie na praktické dôsledky globalizácie. Objasnenie známych teórií prostredníctvom praktických skúseností, ktoré tvoria základ globalizácie. Liberalizácia ako priekopník svetového hospodárstva pre globalizáciu. Komunikácia ako rozhodujúci faktor globalizácie. Dôsledky pre obchodné koncerny spô...
Saved in:
| Main Author: | |
|---|---|
| Format: | Book Chapter |
| Language: | Slovak German |
| Subjects: | |
| Tags: |
No Tags, Be the first to tag this record!
|
MARC
| LEADER | 00000naa a2200000 4500 | ||
|---|---|---|---|
| 001 | r042848 | ||
| 005 | 20230825104007.4 | ||
| 041 | 0 | |a slo | |
| 041 | 0 | |a ger | |
| 044 | |a SK | ||
| 245 | 1 | 0 | |a Čo znamená globalizácia? Výhody - a dôsledky |c Hermann Schnabl |
| 520 | |a Poukázanie na praktické dôsledky globalizácie. Objasnenie známych teórií prostredníctvom praktických skúseností, ktoré tvoria základ globalizácie. Liberalizácia ako priekopník svetového hospodárstva pre globalizáciu. Komunikácia ako rozhodujúci faktor globalizácie. Dôsledky pre obchodné koncerny spôsobené globalizáciou. | ||
| 610 | 2 | 0 | |a globalizácia hospodárstva |
| 610 | 2 | 0 | |a globalizácia |
| 610 | 2 | 0 | |a liberalizácia |
| 610 | 2 | 0 | |a technológie komunikačné |
| 610 | 2 | 0 | |a hospodárstvo svetové |
| 100 | 1 | |a Schnabl, Hermann | |